| Tag |
First Indicator |
Second Indicator |
Subfields |
| LEADER |
00000cam a2200000 4500 |
| 001 |
in00000226237 |
| 005 |
20151009072503.0 |
| 008 |
790810s1957 caua 00100 eng |
| 010 |
|
|
|a 57008131
|
| 035 |
|
|
|a (OCoLC)05261023
|
| 035 |
|
|
|9 AAY9359AM
|
| 040 |
|
|
|a DLC
|c TXA
|d UtOrBLW
|
| 043 |
|
|
|a n-us-ca
|
| 049 |
|
|
|a TXAM
|c [929997]
|
| 050 |
0 |
0 |
|a LB1837.S72
|b G5
|
| 082 |
0 |
|
|a 370.73794
|
| 100 |
1 |
|
|a Gilbert, Benjamin F.
|q (Benjamin Franklin)
|
| 245 |
1 |
0 |
|a Pioneers for one hundred years :
|b San Jose State College, 1857-1957.
|
| 264 |
|
1 |
|a San Jose, Calif. :
|b San Jose State College,
|c 1957.
|
| 300 |
|
|
|a 243 pages :
|b illustrations ;
|c 22 cm.
|
| 336 |
|
|
|a text
|b txt
|2 rdacontent
|
| 337 |
|
|
|a unmediated
|b n
|2 rdamedia
|
| 338 |
|
|
|a volume
|b nc
|2 rdacarrier
|
| 610 |
1 |
0 |
|a San Jose State College
|x History.
|
| 999 |
|
|
|a MARS
|
| 999 |
f |
f |
|s 84206bde-a371-3c9a-a98e-3ac1332f77d0
|i 297c75b8-d813-3751-afd3-482612030b90
|t 0
|
| 952 |
f |
f |
|p normal
|a Texas A&M University
|b College Station
|c Sterling C. Evans Library
|d Evans: Library Stacks
|t 0
|e LB1837.S72 G5
|h Library of Congress classification
|i unmediated -- volume
|m A14803276110
|
| 998 |
f |
f |
|a LB1837.S72 G5
|t 0
|l Evans: Library Stacks
|